[Event "Oregon Open"]
[Site "Chess.com"]
[Date "2020.09.07"]
[Round "5"]
[White "Talukdar, Rohan"]
[Black "Lenderman, Aleksandr"]
[Result "0-1"]
[WhiteElo "2402"]
[BlackElo "2717"]
[Annotator "Aleksandr Lenderman"]
[PlyCount "134"]
[EventDate "2020.09.05"]
[EventType "swiss"]
[EventRounds "6"]
[TimeControl "5400+30"]

{[%evp 0,134,20,18,86,66,79,72,68,51,44,39,46,36,48,25,0,-11,5,-18,-18,-28,-25,
17,2,-30,-30,-14,-14,-14,-10,-6,-9,9,-3,4,-6,1,-22,-4,-21,-32,-32,-43,-28,-52,
-38,-43,-50,-46,-17,-20,-20,-25,-4,-4,-25,-16,-16,-14,-20,-15,-16,-12,-7,0,33,
13,0,0,-13,-4,-4,0,-14,-80,-80,-91,-93,-72,-70,-83,-79,-80,-85,-79,-76,-83,-72,
-64,-43,-99,-98,-123,-100,-113,-113,-112,-151,-149,-149,-157,-192,-188,-189,
-223,-198,-240,-221,-251,-282,-341,-327,-344,-384,-378,-471,-507,-507,-515,
-517,-527,-527,-567,-527,-567,-567,-567,-567,-577,-577,-577,-577,-577,-547,
-577,-547] In round 5, I am playing against a strong young player from Canada,
FM Rohan Talukdar, who is close to 2400 Fide and against whom I've already
played many times. He has gotten a draw against me at least four times as far
as I could remember and I was only able to win a couple of games, so I knew
this would be very challenging.} 1. e4 g6 {I am trailing so I need to win on
demand, hence the opening choice.} 2. d4 Bg7 3. Nc3 d6 4. f4 Nf6 5. Nf3 O-O 6.
Bd3 Nc6 $5 {A relatively modern line, which might've came as a surprise to my
opponent.} (6... Na6 {This is more common, with the idea of c5, and Rohan
already had a game here.} 7. O-O c5 8. d5 Bg4 {With lots of theory to follow
here.}) 7. e5 (7. O-O e5 {Would be my idea here with sharp play to follow,
exactly what I wanted in a must-win game.}) 7... dxe5 8. dxe5 (8. fxe5 {
This is also an important line, after which black follows with} Nh5 9. O-O Bg4
10. Be3 f6 {With interesting play.}) 8... Nd5 9. Nxd5 Qxd5 10. Qe2 Bg4 11. Be4
Qa5+ 12. Bd2 Qb6 {Up to here it is still my preparation, where we are
following the game, Firouzja-Duda, where black won in a very nice way. However,
here, white improves on this game in a logical way.} 13. O-O-O (13. Bc3 $6 {
Was played by Firouzja in a rapid event, after which his position turned sour.}
Rad8 14. h3 $6 (14. Qf2) 14... Bxf3 15. Qxf3 Nd4 16. Qg3 f6 $17 17. Bd3 fxe5
18. O-O-O exf4 19. Qg4 Qc5 20. Rhe1 Nc6 21. Qe6+ Kh8 22. Bxg7+ Kxg7 23. Kb1 Rf6
24. Qg4 Ne5 25. Qg5 Rd5 26. Be2 Nd3 27. Qxd5 Qxd5 28. Bf3 Qxf3 29. Rxe7+ Kf8
30. gxf3 Kxe7 31. Rxd3 Rd6 {0-1 (31) Firouzja,A (2723)-Duda,J (2758) Moscow
RUS 2019}) 13... Nd4 (13... f6 {I also considered this move but it's not so
great.} 14. exf6 Bxf6 15. c3 $16 {Somehow, I didn't like it, and indeed,
black's pieces are very uncoordinated here.}) 14. Qe3 (14. Qd3 Rfd8 15. Be3 {
Was quite good for white.}) 14... Rfd8 (14... Rad8 {Was also possible. I
couldn't decide which rook to move to d8.}) 15. c3 (15. Rhe1 {I thought it was
better to bring the last piece in the game.}) 15... Nxf3 16. Bxf3 Qxe3 {
I was a bit hesitant in going into this game, since even though I could be
marginally better, I knew it might not be enough. However, ultimately, I
decided that this was still the best objectively.} (16... Bxf3 17. Qxf3 Qa6 {
Is also something I seriously contemplated. However, I did not think I had
more than equality here after} 18. a3 {His king looks a bit weak but he will
play Be3, exchange the rooks, and my bishop on g7 is restricted. I didn't
think I can realistically be better here.}) 17. Bxe3 Bxf3 18. gxf3 f6 {I
thought this would be the most challenging.} 19. exf6 exf6 20. Rxd8+ (20. f5 $5
{Was an interesting pawn sacrifice.} gxf5 21. Bf4 {activates his bishop and
keeps his bishop restricted. However, I can hope to play for a win after c6
here.} c6 $15) 20... Rxd8 21. Rd1 Re8 (21... Rxd1+ {I was calculating this and
trying to see whether I can have real winning chances here but decided that
it's better to keep the rooks on the board.} 22. Kxd1 a6 23. Ke2 Kf7 24. Kd3
Ke6 25. Ke4 {The problem is, his king makes it in time to prevent Kf5, and I
just didn't see how I can create winning chances here.}) 22. Rd3 (22. Bxa7 $2 {
Didn't work because} b6 23. Rd7 (23. Rd4 Ra8 24. Ra4 Kf7 25. Ra6 Bh6) 23... Bh6
$1) 22... Bf8 23. Kd2 Bd6 24. c4 Bb4+ $6 {Strange move, not sure why I played
this.} (24... b6 25. c5 bxc5 26. Ra3 {I was afraid of this I think but here I
can still play for a win with} Ra8 27. Ra5 (27. Ra6 Rd8 28. Kc2 Re8 29. Kd2 c4
30. Ra4 Rb8 31. Kc2 Kf7 32. Rxc4 Rb5 {And white still has to answer some
questions.}) 27... a6) 25. Kc2 b6 26. a3 Bd6 27. b4 Re6 28. c5 bxc5 29. bxc5
Be7 30. Kb3 Kf7 31. Kc4 {Here I wasn't optimistic anymore about my chances of
winning. I tried my last resort.} g5 $5 {Just trying to confuse matters.} 32.
Rb3 a6 33. fxg5 fxg5 34. Kd3 (34. Kd5 {I thought this was better, to induce c6,
and therefore, opening the b6 square for the rook.}) 34... Ke8 35. Rb8+ Kd7 36.
Rh8 (36. Rg8 {This seemed like an easier draw to me.}) 36... Rh6 {Now it
starts getting to the point where white has to be very precise to hold the
balance.} 37. f4 $6 {This is already a serious inaccuracy.} (37. Ra8 $1 {
Was strong, tying me down to the a6 pawn. This keeps the balance.}) 37... Rh3 {
I have a feeling my opponent missed this move. Now I win a pawn.} 38. Ke4 gxf4
39. Bxf4 Bxc5 40. a4 Bd6 41. Bg3 Bxg3 $6 {Definitely this was inaccurate. Why
give white a chance to start pushing his g-pawn and create counterplay, when
white cannot take on d6 anyway.} (41... Kc6 $17) 42. hxg3 Kc6 43. g4 {Now this
is probably closer to a draw than a win. But I was up a lot on time.} Rh1 44.
g5 Kc5 45. Ra8 Kb6 46. Ke5 $6 {Seems logical but the wrong plan.} (46. Kd3 {
Keeping the king around the queenside would yield white very good drawing
chances.} Rh4 (46... Ka5 47. Ra7) 47. Rh8) 46... Rh4 (46... c5 47. Rh8 Rh5 {
Was perhaps a better try in this complicated endgame.}) 47. Rb8+ Ka5 48. Rc8
Kxa4 49. Rxc7 a5 50. Rb7 Ka3 {I thought this is a real winning chance for
black but it turns out it is still a draw.} 51. Kf6 $6 {This is the wrong
direction however.} (51. Kd5 $1 a4 52. Kc5 Ka2 53. Rf7 Rh2 54. Kb4 a3 55. Rf3
Rh4+ 56. Kc3 {And I cannot make progress. The side checks idea saves white.})
51... a4 52. Kg7 Rh5 53. Kf6 Ka2 54. g6 $4 {A very poor move, which came as a
shock to me, since now black can probably win in many different ways since the
white king is very far away.} (54. Rb8 a3 55. Rb7 Rh3 56. Ke5 Ka1 57. Kf6 a2
58. Kf7 Rh2 59. Kf6 {White can wait here. Black cannot make progress since Rb2
is always me with} Rb2 60. Rxh7 Kb1 61. Ra7 {And now the all-important g-pawn
saves the day for white.}) 54... hxg6 55. Kxg6 Re5 56. Kf6 Re2 {The white king
is cut-off on 4 ranks so I knew it is a theoretical win.} 57. Kf5 a3 58. Kf4
Ka1 59. Kf3 Rb2 60. Ra7 a2 61. Re7 Rb3+ 62. Kf2 Kb2 63. Re2+ Ka3 64. Re1 Rb1
65. Re3+ Kb4 66. Re4+ Kc5 67. Re5+ Kd6 {AlexanderL won by resignation. A nice
grind for me where I felt like my patience and perseverence paid off and
eventually my strong opponent cracked. This important win with black put me in
excellent position to win this tournament, which I was able to do after I won
my last round game with white while Rohan was only able to draw his last round
game, and he ended up getting 2nd.} 0-1

[Event "Oregon Open"]
[Site "Chess.com"]
[Date "2020.09.07"]
[Round "6"]
[White "Lu, Ryan"]
[Black "Russell, Corey"]
[Result "1-0"]
[WhiteElo "1948"]
[BlackElo "2202"]
[Annotator "Aleksandr Lenderman"]
[PlyCount "135"]
[EventDate "2020.09.05"]
[EventType "swiss"]
[EventRounds "6"]

{[%evp 0,135,27,25,90,66,80,69,76,74,84,53,61,56,72,56,70,56,55,55,44,39,85,61,
72,22,22,15,38,33,28,30,58,52,56,-9,-11,-6,-14,-10,-21,-37,-12,-35,5,8,7,9,1,
-10,-5,-16,-1,-39,-20,-37,-17,-34,-45,-67,-72,-82,-28,-22,-39,-20,0,-60,49,31,
31,38,71,-71,-50,-94,-44,-65,0,21,21,0,0,0,0,-63,0,0,0,-59,-54,-69,-61,-83,-83,
-95,-72,-77,0,-88,-80,-75,-100,-92,-38,-32,0,0,16,-24,21,20,49,-45,-46,-351,
-221,-411,-423,-430,9,0,61,60,1282,1302,1312,1385,1282,1459,1459,1721,29656,
29964,29967,29968,29977,29974] This was a last round game between a young
player, Ryan Lu in the mid-1900s and an experienced master, Corey Russel. And
what a fight it was, down to the wire!} 1. e4 g6 2. d4 Bg7 3. Nf3 d6 4. Nc3 Nf6
5. Be2 O-O 6. O-O c6 7. a4 {Stopping b5. White is playing a solid line against
black's aggressive Pirc defence.} a5 8. h3 Na6 9. Be3 Nb4 10. Qd2 Qc7 11. Rad1
d5 12. exd5 $6 {Up to here, white's play is logical but here white starts
losing his edge.} (12. e5 {It was better to gain the space advantage here.} Ne4
(12... Nd7 13. Bf4 Qb6 14. Rfe1 $14) 13. Nxe4 dxe4 14. Ng5) 12... Nbxd5 13.
Nxd5 cxd5 14. c3 Bd7 15. Qc2 Rfc8 (15... b5 {This was stronger.} 16. axb5 Rfb8)
16. Ne5 Be8 17. f4 $2 {This move is a serious mistake, giving up the e4 square,
especially here since white's attack is really going nowhere. Since white
started to play solidly and positionally it would be better for white to
continue playing like that rather than mixing plans.} (17. Bf4 Qd8 18. Bd3 {
Would keep a slight edge for white due to more active pieces.}) 17... Ne4 18.
Bd3 e6 (18... f6 19. Nf3 Bc6) 19. Ra1 (19. Bxe4 {This would be stronger
probably.} dxe4 20. Qxe4 (20. d5 $1) 20... Bxa4) 19... f6 20. Ng4 Nd6 21. Bc1
b5 22. axb5 Nxb5 (22... Bxb5 {It was probably more accurate to exchange the
bishops here, trading off pieces and leaving white with a bad c1 bishop.}) 23.
Qe2 Qb6 24. Kh1 (24. f5 $5 {It was interesting to sacrifice the pawn to
activate the bishop on c1.} exf5 25. Nh6+ (25. Ne3 Qc6 26. g4 fxg4 27. Nxg4 $36
) 25... Kh8 26. Bf4 $44) 24... Nc7 (24... f5 25. Ne5 Nd6 $15 {I think
ultimately, the knight should head back to e4.}) 25. Nh2 Bb5 26. Bxb5 Qxb5 27.
Qf3 Rf8 28. g4 e5 $1 {It makes sense for black to open up the center when
white's king is weak.} 29. dxe5 (29. f5 {This was better at cutting his losses
so that black's bishop doesn't get active. Always all about piece activity.})
29... fxe5 30. f5 Ne6 $2 {This was just a bit careless, losing a tempo.} (30...
Ne8 $15 {Once again, heading towards e4.}) 31. Qg2 Nc7 32. Bg5 Ra6 33. Rad1 h6
34. Be7 Rf7 35. Bd8 d4 36. fxg6 $2 (36. Bxc7 {It was better to get rid of this
knight first before it can later do some damage.}) 36... Rxf1+ 37. Rxf1 Nd5 $6
(37... Ne6 {This was better, gaining a tempo and heading to f4.}) 38. Qf3 dxc3
39. Qf7+ Kh8 40. g5 $1 {This gets very sharp.} hxg5 41. Bxg5 Qc6 42. bxc3 Nf4+
43. Nf3 Qxg6 44. Qxg6 (44. Qb7 {It was probably practically better to keep
queens on here since the endgame turns out to be unpleasant.}) 44... Nxg6 45.
h4 e4 46. Nd4 (46. Nd2 {This was probably better but it was a complicated
position.}) 46... a4 47. Ra1 Ne5 48. Kg2 Nc4 49. Kf2 (49. Kg3 {Here this was
more accurate to go right after the e4 pawn.}) 49... a3 50. Ke2 Kh7 51. Kd1
Bxd4 (51... Rb6 {Would be good here to prevent kc2.} 52. Kc2 (52. Bc1 Rf6 $1 {
And seizing control of the file and trying to play Rf1.}) 52... Rb2+) 52. cxd4
Rd6 53. Kc2 Kg6 54. Kb3 Rc6 55. Rc1 Kf5 56. Rc3 Ke6 57. Be3 $4 {By now
probably both players are in time pressure and deep into the endgame, both
players might be tired. White here makes the first big mistake in an endgame
that is currently balanced.} (57. Ka2 Kd5 58. h5 Kxd4 59. Rh3 {Was equal.})
57... Kd5 $6 {Still wins but not the cleanest.} (57... Na5+ $1 58. Kc2 Rxc3+
59. Kxc3 a2 60. Kb2 Nc4+ {And here it becomes evident by Be3 was a mistake as
white now loses this bishop by force and with it, the game.}) 58. h5 Na5+ 59.
Kb4 Rxc3 $4 {Ironically, the same idea that was winning a few moves earlier,
now with white having gained a tempo with h5 doesn't win anymore.} (59... a2
60. Ra3 Nc4 61. Rxa2 Nxe3 $19 {Was quite a straightforward win.}) 60. Kxc3 Nc4
61. Kb3 $1 Ke6 $4 {Probably here black realized to his horror that Nxe3
doesn't actually win and made a losing blunder. This is why precise
calculation is very important in endgames.} (61... Nxe3 62. h6) (61... a2 62.
Kxa2 Ke6 {Was still giving a draw.}) 62. Kxc4 a2 63. d5+ $1 {Of course.
Preparing Bd4, stopping the pawn. Could black have missed this?} Kf5 64. Bd4 e3
65. Kd3 {And now that both of black's pawns are stopped, black is lost since
he cannot stop both pawns with his own king.} e2 66. Kxe2 Ke4 67. Ba1 Kxd5 68.
Kf3 {And because the bishop controls the right corner, h8, white wins, so
black resigned. A very exciting up and down game unfortunately marred by time
pressure most likely.} 1-0

[Event "Oregon Open (U2000)"]
[Site "Chess.com"]
[Date "2020.09.06"]
[Round "4"]
[White "Peng, Brandon"]
[Black "Ramkumar, Aditya"]
[Result "1-0"]
[WhiteElo "1686"]
[BlackElo "1452"]
[Annotator "Brandon Peng"]
[PlyCount "93"]
[EventDate "2020.09.05"]
[EventType "swiss"]
[EventRounds "6"]
[TimeControl "5400+30"]
[WhiteClock "0:54:42"]
[BlackClock "0:38:25"]

{[%evp 0,93,19,34,29,0,-11,-10,25,31,29,11,24,2,10,-11,1,-19,6,5,12,8,10,-12,
14,-1,5,-17,16,-30,-11,-26,-32,-36,-35,-43,-34,-30,-13,-19,-30,-21,14,10,0,-4,
-7,3,3,5,10,-81,-65,-68,-78,-61,-62,-65,-68,-65,-65,-68,-65,-68,29,38,160,192,
190,194,648,650,29989,831,29985,708,718,718,718,718,741,756,817,844,1151,844,
2057,823,835,875,915,988,1470,1094,29993,28796]} 1. d4 {[%emt 0:00:00]} Nf6 {
[%emt 0:00:26]} 2. c4 {[%emt 0:00:05]} e6 {[%emt 0:00:03]} 3. Nc3 {[%emt 0:00:
02]} Bb4 {[%emt 0:01:18]} 4. Nf3 {[%emt 0:00:05]} O-O {[%emt 0:01:36]} 5. Bg5 {
[%emt 0:00:06]} d6 {[%emt 0:05:16]} 6. e3 {[%emt 0:00:14]} Nbd7 {[%emt 0:02:01]
} 7. Be2 {[%emt 0:00:03]} h6 {[%emt 0:02:54]} 8. Bh4 {[%emt 0:00:09]} Bxc3+ {
[%emt 0:02:40]} 9. bxc3 {[%emt 0:00:03]} b6 {[%emt 0:01:21]} 10. O-O {[%emt 0:
01:19]} Bb7 {[%emt 0:01:35]} 11. Qc2 {[%emt 0:01:57]} c5 {[%emt 0:03:14]
Better would have been 11. g5} 12. Rfd1 {[%emt 0:01:32]} Qc7 {[%emt 0:04:17]}
13. Rac1 {[%emt 0:00:21]} Rac8 {[%emt 0:04:03]} 14. Qb2 {[%emt 0:00:50]} Rfe8 {
[%emt 0:04:35]} 15. Bg3 {[%emt 0:00:11]} (15. Nd2 Ne4 16. Bd3 Nxd2 17. Qxd2 {
This variation leads to an equal position, rather than 15. Bg3 which gives
Black an advantage.}) 15... Nh5 {[%emt 0:02:01]} 16. Qb3 {[%emt 0:03:52]} Nxg3
{[%emt 0:02:22]} 17. hxg3 {[%emt 0:00:14]} Nf6 {[%emt 0:02:44]} 18. Nd2 {
[%emt 0:07:23]} d5 {[%emt 0:06:16]} 19. cxd5 {[%emt 0:04:47]} exd5 {[%emt 0:01:
05]} 20. Nf3 {[%emt 0:02:31]} cxd4 {[%emt 0:01:52] This move evens up the
position. After 21. Nxd4 both sides don't have much play.} 21. Nxd4 {[%emt 0:
00:18]} Ne4 {[%emt 0:00:53]} 22. c4 {[%emt 0:00:27]} dxc4 {[%emt 0:01:01]} 23.
Rxc4 {[%emt 0:00:58]} Qe5 {[%emt 0:01:23]} 24. Rxc8 {[%emt 0:01:50]} Rxc8 {
[%emt 0:00:23]} 25. Bc4 {[%emt 0:01:23] This allows black to take the
initiative with 25. Qf6, attacking the f pawn and forcing white into a passive
position.} Qf6 {[%emt 0:00:54]} 26. Nf3 {[%emt 0:00:35]} Nc5 {[%emt 0:01:30]}
27. Qc2 {[%emt 0:04:10]} Bxf3 {[%emt 0:00:29]} 28. gxf3 {[%emt 0:00:25]} Qxf3 {
[%emt 0:00:09] Black now has a slight advantage in this position. White can't
really advance much, but there are possibilities of Rd4 and Rf4 to
double-attack the f7 pawn.} 29. Ba6 {[%emt 0:00:53]} Re8 {[%emt 0:01:14]} 30.
Bb5 {[%emt 0:03:09]} Rb8 {[%emt 0:01:18]} 31. Rd4 {[%emt 0:03:40]} g6 $2 {
[%emt 0:02:42] This move gives up black's advantage, as white can now start
his attack with Bc4} 32. Bc4 {[%emt 0:02:19]} Qc6 $4 {[%emt 0:03:16] After 33.
Bd5 black is in a losing position. The rook will swing to f4 and the black
kingside is very weak, with a pinned and weak f7 pawn as well as the threat of
Qxg6 if the black Queen leaves that pawn unprotected.} 33. Bd5 {[%emt 0:03:51]}
Qf6 {[%emt 0:01:34]} 34. Rf4 {[%emt 0:00:31]} Qg5 {[%emt 0:00:27]} (34... Qa1+
35. Kh2 Kh8 {Although not great, this line keeps most of black's pieces intact.
Qg5 just loses to Rxf7 and the threats of a mate and discovered attacks.}) 35.
Rxf7 {[%emt 0:02:50]} Rd8 {[%emt 0:01:37]} 36. Bc4 {[%emt 0:01:33]} (36. Qc3
Ne6 37. Bxe6 Qe5 38. Qxe5 Rd1+ 39. Kg2 Rg1+ 40. Kxg1 b5 41. Qg7# {Although Bc4
gives white a decisive advantage, there was a forced mate here.}) 36... b5 {
[%emt 0:02:29] Once again, Qb2 or Qc3 lead to a forced mate.} 37. Rf5+ {
[%emt 0:00:31]} bxc4 {[%emt 0:00:16]} 38. Rxg5 {[%emt 0:00:42]} hxg5 {[%emt 0:
00:23]} 39. Qxc4+ {[%emt 0:00:49]} Kh7 {[%emt 0:00:12]} 40. Qxc5 {[%emt 0:00:
04]} Rd2 {[%emt 0:00:16]} 41. Qxa7+ {[%emt 0:00:05]} Kh6 {[%emt 0:00:03]} 42.
Qb8 {[%emt 0:00:22]} Kh5 {[%emt 0:00:09]} 43. Qh8+ {[%emt 0:00:59]} (43. f3
Rd1+ 44. Kh2 Rd2+ 45. Kh3 Rh2+ 46. Kxh2 g4 47. fxg4+ Kxg4 48. Qf4+ Kh5 49. Qh4#
{Another forced mate here.}) 43... Kg4 {[%emt 0:00:02]} 44. Qc8+ {[%emt 0:00:
03]} Kf3 {[%emt 0:00:05]} 45. Qc6+ {[%emt 0:00:03]} Kg4 {[%emt 0:00:03]} 46.
Qxg6 {[%emt 0:00:32]} Rxa2 {[%emt 0:00:08] After 47. Qe6+, Black loses his
rook to a fork and the game is over.} 47. Qe6+ {[%emt 0:00:05] Black resigned.
Game may have continued...} (47. Qe6+ Kh5 48. Qxa2 Kg6 49. Qg8+ Kf5 50. Qf7+
Ke5 {[%eval 6205,0]}) 1-0

[Event "Oregon Open (U1600)"]
[Site "Chess.com"]
[Date "2020.09.07"]
[Round "5"]
[White "Adebolu, Ademidun"]
[Black "Wang, Ted"]
[Result "0-1"]
[WhiteElo "1260"]
[BlackElo "779"]
[Annotator "Ted Wang"]
[PlyCount "48"]
[EventDate "2020.09.05"]
[EventType "swiss"]
[EventRounds "6"]
[TimeControl "5400+30"]

{[%evp 0,48,34,35,58,35,39,14,20,12,12,26,59,45,55,-6,-6,-6,6,15,15,15,15,19,
18,-1,41,-6,31,-192,-221,-210,-198,-198,-220,-227,-186,-213,-189,-252,-231,
-316,-333,-648,-655,-656,-659,-663,-674,-691,-679]} 1. e4 c5 2. Nf3 Nc6 3. d4
cxd4 4. Nxd4 Nf6 5. Nc3 e5 6. Ndb5 d6 7. Bg5 a6 {Black saw black pawn would be
doubled if white played Bxf6. However, this gave black an open g file.} 8. Na3
b5 9. Bxf6 gxf6 {The action expected at move 8 happened.} 10. Nd5 Be6 {The
main line was supposed to be f5.} 11. Bd3 f5 12. Qh5 Rg8 13. g3 Rg6 {If queen
captured h7, it would be trapped} 14. exf5 {This was a mistake.} Bxd5 15. fxg6
hxg6 16. Bxg6 Qf6 17. Bxf7+ Qxf7 18. Qxf7+ Kxf7 {At this point, although white
had material advantage, black had much better position.} 19. Rg1 b4 20. Nb1 Nd4
21. Kd1 Bf3+ 22. Kd2 Bh6+ 23. Kd3 Be2+ 24. Ke4 Nxc2 {tedwpnw won by
resignation Black turned the position advantage into material advantage. Given
white king was exposed and material down, white resigned.} 0-1